000 00485nam a2200205Ia 4500
008 240510s9999 xx 000 0 und d
020 _a9781111820411
041 _aEng
082 _a658.4012
082 _bM55
100 _aMONK,ELLEN F.;WAGNER,BRET J.
245 0 _aConcepts In Enterprise Resource Planning
250 _a4th ed.
260 _bUSA:Course Technology
260 _c2013
300 _a254 p.
650 _aBusiness Planning
942 _2ddc
942 _cRBK
999 _c29555
_d29555
945 _a1
_bMadushi Gamage
_c1
_dMadushi Gamage